| 000 | 02365nam a22002537a 4500 | ||
|---|---|---|---|
| 001 | 6456 | ||
| 003 | FISKH | ||
| 005 | 20250512151717.0 | ||
| 008 | 250505b cb ||||| |||| 00| 0 eng d | ||
| 040 |
_aFISKH _bkhr _cFIISKH _dFISKH |
||
| 050 | _aPZ7 | ||
| 082 | _a808.1 | ||
| 100 | _aSovi, Ly | ||
| 245 |
_aសេកសោមសារិកា : _bកំណាព្យ ចម្លងពីសាស្ត្រាស្លឺករិត / _cលី សុវីរ អតីតសាស្រ្តាចារ្យមធ្យមសិក្សា |
||
| 250 | _aចេញផ្សាយឆ្នាំ២០០៤ | ||
| 260 |
_aភ្នំពេញ: _c២០០៤ . |
||
| 300 |
_a41 pages : _billustrations ; _c21 cm. |
||
| 520 | _aរឿងនេះជាប្រលោមលោកដ៏បែបអារម្មណ៍ដែលឆ្លុះបញ្ចាំងពីជីវិតនិងការតស៊ូរបស់សារិកា—ស្រីតូចម្នាក់ដែលមានបំណងចង់រស់ជីវិតដោយខ្លួនឯង ទោះបីជាត្រូវជួបប្រទះនឹងការលំបាកធំនៅក្នុងជីវិត។ នាងបានបាត់បង់មនុស្សសំខាន់ៗ និងគួរឲ្យស្រលាញ់ ប៉ុន្តែសារិកាមិនចេះបោះបង់ចិត្តទេ។ នាងជាភាពតំណាងនៃកម្លាំងចិត្តនារី និងភាពរឹងមាំក្នុងសង្គម ដែលស្វែងរកផ្លូវជីវិតថ្មីដោយខ្លួនឯង ទាំងប្រឈមមុខនឹងសព្វការលំបាក។ | ||
| 520 | _aThis is an emotional novel that reflects the life and struggles of Sarika—a little girl who wants to live on her own despite facing great difficulties in life. She lost important and beloved people, but Sarika never gave up. She is a symbol of female strength and social resilience, finding a new path in life on her own, despite all the difficulties. | ||
| 650 |
_aសេកសោមសារិកា _vកំណាព្យខ្មែរ |
||
| 650 |
_aSeksomsarika _vKhmer poetry |
||
| 942 |
_2ddc _cKHB _n0 |
||
| 999 |
_c6456 _d6456 |
||